| 000 | 00663nam a2200193 i 4500 | ||
|---|---|---|---|
| 001 | 79208 | ||
| 003 | ES-MaACL | ||
| 005 | 20230906173928.0 | ||
| 007 | t| | ||
| 008 | 041020s1957 cu ||||1| spa d | ||
| 100 | 1 |
_aHeredia, Nicolás. _962692 |
|
| 245 | 1 | 0 |
_aCrónicas de la guerra de Cuba / _cNicolás Heredia ; introducción por Enrique Gay-Calbó. |
| 260 |
_aLa Habana : _b[s.n., _c1957] ( _fImp. El Siglo XX) |
||
| 300 |
_aXIX, 146 p. : _bil. ; _c31 cm. |
||
| 500 | _aPrecede al tít.: Academia de la Historia de Cuba. | ||
| 700 | 1 |
_aGay Calbó, Enrique. _956116 |
|
| 710 | 2 |
_aAcademia de la Historia de Cuba. _91183 |
|
| 852 |
_aES-MaACL _jC-9373 _bR.44593 |
||
| 999 |
_c79208 _d79208 |
||